| 000 | 00727nam a2200217 i 4500 | ||
|---|---|---|---|
| 001 | 32580 | ||
| 003 | ES-MaACL | ||
| 005 | 20230906154610.0 | ||
| 007 | t| | ||
| 008 | 030131m19071908fr ||||1| fre d | ||
| 100 | 1 |
_aBertaux, Emile. _928426 |
|
| 245 | 1 | 0 |
_aRome / _cEmile Bertaux. |
| 260 |
_a[S.l. : _bs.n., _c1907-1908] ( _eEvreux : _fCh. Herissey) |
||
| 300 |
_a3 v. ; _c26 cm. |
||
| 490 | 1 | _aLes villes d'art celebres | |
| 505 | 8 | _aContiene: I. L'antiquite - II. De l'ere des catacombes a l'avenement de Jules II - III. De l'avenement de Jules II a nos jours | |
| 651 | 4 |
_aRoma (Ciudad)- _xHistoria. _9156830 |
|
| 830 | 1 |
_aLes villes d'art celebres _9181445 |
|
| 852 |
_aES-MaACL _jF-2109-11 |
||
| 999 |
_c32580 _d32580 |
||